Best National Team in Sports by Continent #2 - Statistics

General Stats
  • This quiz has been taken 23 times
  • The average score is 39 of 43
Answer Stats
Hint Answer % Correct
Asia/Oceania Australia
100%
Oceania Australia
100%
Oceania Australia
100%
Oceania Australia
100%
Oceania Australia
100%
Oceania Australia
100%
Oceania Australia
100%
Asia/Oceania Japan
100%
Asia Japan
100%
Asia Japan
100%
Asia Japan
100%
Asia Japan
100%
Asia Japan
100%
Asia Japan
100%
North America United States
100%
North America United States
100%
Americas United States
100%
Americas United States
100%
Americas United States
100%
Americas United States
100%
Americas United States
100%
Americas United States
100%
South America Brazil
95%
South America Brazil
95%
Europe Finland
95%
Europe Italy
90%
Europe/Africa Italy
90%
Africa Egypt
85%
Europe France
85%
Africa South Africa
85%
Africa South Africa
85%
Africa South Africa
85%
Africa South Africa
85%
Africa South Africa
85%
Africa South Africa
85%
Asia/Oceania China
80%
Europe Poland
80%
Europe Switzerland
70%
Europe Czechia
65%
Europe Netherlands
65%
Europe Netherlands
65%
Africa Kenya
45%
Americas Venezuela
40%
No matching quizzes found
Score Distribution
Percent of People with Each Score
Percentile by Number Answered
Your Score History
You have not taken this quiz